Francia: mercado para productos mexicanos /

Guía que presentea los elementos básicos de tipo demográfico, económico y comercial de Francia. Incluye, en consecuencia, datos geográficos y poblacionales generales, información sobre su situación económica y su mercado externo, incluida la relación que en este sentido mantiene con México. Da cuent...

Πλήρης περιγραφή

Αποθηκεύτηκε σε:
Λεπτομέρειες βιβλιογραφικής εγγραφής
Μορφή: Βιβλίο
Γλώσσα:Ισπανικά
Έκδοση: México : Banco Nacional de Comercio Exterior, fecha no identificada
Σειρά:(Guía para Exportar)
Θέματα:
Ετικέτες: Προσθήκη ετικέτας
Δεν υπάρχουν, Καταχωρήστε ετικέτα πρώτοι!

MARC

LEADER 00000nam^a2200000^a^4500
001 000042404
005 20250521000000.0
009 20260310085735.222
037 |a Acervo ITESO - Biblioteca 
041 |a ESP 
082 |a 382. 0972044  |b FRA 
245 1 0 |a Francia: mercado para productos mexicanos / 
264 1 |a México :  |b Banco Nacional de Comercio Exterior,  |c fecha no identificada 
300 |a 1 v. 
336 |a texto  |b txt  |2 rdacontenido 
337 |a sin mediación  |b n  |2 rdamedio 
338 |a volumen  |b nc  |2 rdasoporte 
440 1 |a (Guía para Exportar) 
520 |a Guía que presentea los elementos básicos de tipo demográfico, económico y comercial de Francia. Incluye, en consecuencia, datos geográficos y poblacionales generales, información sobre su situación económica y su mercado externo, incluida la relación que en este sentido mantiene con México. Da cuenta de los distintos sectores industriales y agrícolas, así como de la política comercial y de las formalidades para exportar a Francia. 
649 |a XX 
650 |a Economía 
650 |a Comercio Exterior -  |z México 
650 |a Comercio Internacional -  |z México-Francia 
910 |a Fondo General 
920 |a Impresos - Libros 
930 |a Colección General 
905 |a 101 
901 |a 0500008590  |b IT1  |c ACC  |i 042404  |u 20250521 
902 |a https://opac.biblio.iteso.mx/vufind/Record/000042404